000 00846nam a2200277Ia 4500
003 OSt
005 20220928131413.0
006 a|||||r|||| 00| 0
007 ta
008 220927b |||||||| |||| 00| 0 eng d
020 _c550
024 _a113286
037 _b176, 09/11/2011, Pioneer Book Distributors
_cTextual
040 _aSDCL
_cSDCL
_beng
041 _2eng
_aeng
082 _aD6,8(B),22, P1
100 _aO'Neil Patrick
_9477945
245 0 _aDatabase
_b Principles programming performance.
250 _a2
260 _aNew Delhi
_bMorgan Kaufmann Publishers
_c2010
300 _axxiv,870p.
_ccm.
650 _aI I C
700 _a O'Neil Elizabeth
_9477946
942 _hD6,8(B),22, P1
_cTEXL
_2CC
999 _c790448
_d790448